| 000 | 00883nam a2200253Ia 4500 | ||
|---|---|---|---|
| 999 |
_c4350 _d4350 |
||
| 020 | _a0194316580 | ||
| 020 | _a9780194316583 | ||
| 020 | _a0194316599 | ||
| 020 | _a9780194316590 | ||
| 050 | _aPE1628.085 HOR REF | ||
| 100 | 1 | _aHornby, Albert Sydney. | |
| 245 | 1 | 0 |
_aOxford advanced learner's dictionary of current English / _cA.S. Hornby. |
| 250 | _aSeventh edition / | ||
| 260 | _aNew York | ||
| 300 |
_axii, 1, 715 pages, 8 unnumbered pages, 119 pages : _billustrations (some color), maps ; _c22 cm. |
||
| 505 | _aMaps, colour topic pages, Reference section: grammar, study pages, the Oxford 3000, pronunciation and phonetics symbols in the dictionary | ||
| 650 | 0 | _aEnglish language | |
| 650 | 0 |
_aEnglish language _xNew words |
|
| 700 | 1 | _aWehmeier, Sally. | |
| 700 | 1 | _aMcIntosh, Colin, | |
| 700 | 1 | _aTurnbull, Joanna. | |
| 700 | 1 | _aAshby, Michael. | |
| 942 | _cBK | ||